Основы рациональной организации умственной деятельности (Запись № 1313458)

Подробности
000 -МАРКЕР
контрольное поле 01904nam0a2200337 4500
001 - ИДЕНТИФИКАТОР ЗАПИСИ
контрольное поле RU\NLR\bibl\532117
005 - ИДЕНТИФИКАТОР ВЕРСИИ
контрольное поле 20250609151607.0
021 ## - НОМЕР ГОСУДАРСТВЕННОЙ РЕГИСТРАЦИИ
Код страны Российская Федерация
Номер 2004-19467
Номер Листа государственной регистраци 993
035 ## - ДРУГИЕ СИСТЕМНЫЕ НОМЕРА
Идентификатор записи (NLR Aleph) 000524414
100 ## - ДАННЫЕ ОБЩЕЙ ОБРАБОТКИ
Данные общей обработки 20040622d2003 |||y0rusy50 ca
101 0# - ЯЗЫК РЕСУРСА
Язык текста, звукозаписи и т.д. русский
102 ## - СТРАНА ПУБЛИКАЦИИ ИЛИ ПРОИЗВОДСТВА
Страна публикации Российская Федерация
105 ## - ПОЛЕ КОДИРОВАННЫХ ДАННЫХ: ТЕКСТОВЫЕ МАТЕРИАЛЫ, МОНОГРАФИЧЕСКИЕ
Кодированные данные о монографическом текстовом документе a |||||||||
200 1# - ЗАГЛАВИЕ И СВЕДЕНИЯ ОБ ОТВЕТСТВЕННОСТИ
Основное заглавие Основы рациональной организации умственной деятельности
Сведения, относящиеся к заглавию Учеб. пособие по курсу "Безопасность жизнедеятельности" для студентов всех специальностей ун-та
Первые сведения об ответственности Т.С. Дворецкая
Последующие сведения об ответственности М-во образования Рос. Федерации, Тамб. гос. ун-т им. Г.Р. Державина
210 ## - ПУБЛИКАЦИЯ, РАСПРОСТРАНЕНИЕ И ДР.
Место издания, распространения и т.д. Тамбов
Имя издателя, распространителя и т. д. Изд-во ТГУ
Дата издания, распространения и т.д. 2003
215 ## - ФИЗИЧЕСКАЯ ХАРАКТЕРИСТИКА
Специфическое обозначение материала и объем 67 с.
Другие сведения о физической характеристике ил.
Размеры 21
320 ## - ПРИМЕЧАНИЯ О НАЛИЧИИ В ДОКУМЕНТЕ БИБЛИОГРАФИИ / УКАЗАТЕЛЯ
Текст примечания Библиогр.: с. 66-67 (30 назв.)
606 0# - НАИМЕНОВАНИЕ ТЕМЫ КАК ПРЕДМЕТ
Наименование темы Умственный труд
Формальный подзаголовок Руководства, пособия и т.п.
Тематический подзаголовок Гигиена
Системный номер авторитетной/нормативной записи 1419355
Идентификатор авторитетной/нормативной записи RU\NLR\auth\66287444
606 0# - НАИМЕНОВАНИЕ ТЕМЫ КАК ПРЕДМЕТ
Наименование темы Умственный труд
Формальный подзаголовок Учебные издания для высших учебных заведений
Тематический подзаголовок Гигиена
Системный номер авторитетной/нормативной записи 1419355
Идентификатор авторитетной/нормативной записи RU\NLR\auth\66287444
606 0# - НАИМЕНОВАНИЕ ТЕМЫ КАК ПРЕДМЕТ
Наименование темы Умственный труд
Формальный подзаголовок Руководства, пособия и т.п.
Тематический подзаголовок Физиология
Системный номер авторитетной/нормативной записи 1436700
Идентификатор авторитетной/нормативной записи RU\NLR\auth\66296899
606 0# - НАИМЕНОВАНИЕ ТЕМЫ КАК ПРЕДМЕТ
Наименование темы Умственный труд
Формальный подзаголовок Учебные издания для высших учебных заведений
Тематический подзаголовок Физиология
Системный номер авторитетной/нормативной записи 1436700
Идентификатор авторитетной/нормативной записи RU\NLR\auth\66296899
686 ## - ИНДЕКСЫ ДРУГИХ КЛАССИФИКАЦИЙ
Индекс Р124.087я73
700 #1 - ИМЯ ЛИЦА - ПЕРВИЧНАЯ ОТВЕТСТВЕННОСТЬ
Код отношения Автор
Графика поля Кириллица
Материалы, к которым относится поле rus
Начальный элемент ввода Дворецкая
Часть имени, кроме начального элемента ввода Т. С.
Расширение инициалов личного имени Татьяна Сергеевна
Системный номер авторитетной/нормативной записи 163584
Идентификатор авторитетной/нормативной записи RU\NLR\AUTH\770163628
801 #0 - ИСТОЧНИК ЗАПИСИ
Страна Российская Федерация
Организация NLR
Дата составления 20040622
Правила каталогизации PSBO
801 #1 - ИСТОЧНИК ЗАПИСИ
Страна Российская Федерация
Организация NLR
Дата составления 20040622
942 ## - ДОПОЛНИТЕЛЬНЫЕ ЭЛЕМЕНТЫ ЗАПИСИ (АБИС)
Тип экземпляра АБИС Книга
980 ## - КОЛЛЕКЦИЯ
Название коллекции Национальная библиография
980 ## - КОЛЛЕКЦИЯ
Название коллекции НБР
Экземпляры
Тип экземпляра Дата поступления Источник поступления Библиотека постоянного хранения Библиотека текущего хранения Место хранения Шифр хранения Штрих-код Статус экземпляра
Книга 22.06.2004 Обязательный экземпляр РНБ (Московский) РНБ (Московский) Русский книжный фонд: издания с 1957 года 2004-4/13436 709234  
Книга 05.10.2004 Обязательный экземпляр РНБ (Московский) РНБ (Московский) Русский книжный фонд: издания с 1957 года 2004-4/13436 764164